| 000 | 00853nam a2200217 i 4500 | ||
|---|---|---|---|
| 001 | 72281 | ||
| 003 | ES-MaACL | ||
| 005 | 20250827063211.0 | ||
| 007 | t| | ||
| 008 | 040830s1910 sp |||| | spa d | ||
| 100 | 1 |
_aGimeno, Amalio, _d1850-1936 _957076 |
|
| 245 | 1 | 3 |
_aLa lucha contra la vejez _b: discursos leídos en la Real Academia de Medicina para la recepción pública del académico electo Excmo. Sr. D. Amalio Gimeno el día 3 de julio de 1910 / _ccontestación del Excmo. Sr. D. Ángel Pulido Fernández. |
| 260 |
_aMadrid : _b[s.n., _c1910] ( _fAntonio Marzo) |
||
| 300 |
_a191 p. ; _c26 cm. |
||
| 650 | 0 | 4 |
_aEnvejecimiento. _912329 |
| 700 | 1 |
_aPulido, Ángel, _d1852-1932 _9149324 |
|
| 710 | 2 |
_aReal Academia de Medicina de Madrid _96318 |
|
| 852 |
_aES-MaACL _jC-3393 |
||
| 852 |
_aES-MaACL _j53-D-16 |
||
| 999 |
_c72281 _d72281 |
||